01001nam a2200253 a 4500003000700000005001700007008004100024020001800065040003300083041000800116050002400124110006400148245015100212260003700363300003600400336002800436337003000464338002700494650002600521650005000547942001200597999001700609952012100626CBULib20240813073019.0200225s2019 ||||||||||||||||| || u a9789211129533 aCBULibbEnglishcCBULiberda aeng aUNCTAD(058)TDR/2019 aUnited Nations Conference on Trade and Development (UNCTAD)10aTrade and development report 2019 : financing a global green new deal (2 Copies)c/ by United Nations Conference on Trade and Development (UNCTAD) aGeneva : bUnited Nations,c2019 axiv, 173 pages : illustrations  2rdacontentaText |btxt 2rdamediaaUnmediated |bn 2rdacarrieraVolumebnc aTRADE AND DEVELOPMENT 0aINTERNATIONAL ECONOMIC RELATIONS--PERIODICALS 2mcc029 c60124d60124 00102mc40708SCa001b001cSCd2022-11-30eDEP-UNCTADoUNCTAD(058)TDR/2019pB5151r2022-11-30t1w2022-11-30y029